Statistics for Closest Capital Cities - Europe

Click here to take the quiz!

General Stats

  • This quiz has been taken 29 times
  • The average score is 27 of 45

Answers on the Map

Answers color-coded by a green-red scale on the quiz's map according to % correct below.
 

Answer Stats

% Correct
London
100%
Paris
95%
Amsterdam
91%
Bern
91%
Brussels
91%
Luxembourg City
91%
Vaduz
86%
Ljubljana
68%
Sarajevo
68%
Tirana
68%
Zagreb
68%
Podgorica
64%
Pristina
64%
Skopje
64%
Sofia
64%
Bucharest
59%
Vienna
59%
Belgrade
55%
Berlin
55%
Bratislava
55%
Budapest
55%
Chisinau
55%
Copenhagen
55%
Helsinki
55%
Kyiv
55%
Minsk
55%
Oslo
55%
Prague
55%
Riga
55%
Stockholm
55%
Tallinn
55%
Vilnius
55%
Andorra la Vella
50%
Lisbon
50%
Madrid
50%
Monaco
50%
Rome
50%
San Marino
50%
Vatican City
50%
Dublin
45%
Moscow
41%
Athens
36%
Reykjavik
36%
Valletta
36%
Warsaw
36%

Score Distribution

Percentile by Number Answered

Percent of People with Each Score

Your Score History

You have not taken this quiz